000 00614nam a2200145 i 4500
001 115664
003 ES-MaACL
007 t|
008 070424s1908 sp ||||1| spa d
100 1 _aLópez-Ocaña y Bango, José.
_973836
245 1 0 _aContribución al estudio del tratamiento mercurial de la tabes dorsal
_b: memoria leída ante el claustro de la Facultad de Medicina de la Universidad Central en el solemne acto de graduarse de doctor... /
_cJosé López-Ocaña y Bango.
260 _aAvilés :
_b[s.n.],
_c1908 (
_fEst. tip. de El Diario)
300 _a35 p. ;
_c26 cm.
852 _aES-MaACL
_jT-150 bis-F-15
999 _c115664
_d115664